Energia almanach ... ročenka slovenskej energetiky

Bibliographic Details
Other Authors: Medvedík, Ján (Editor)
Format: Serial
Language:Slovak
English
PhysicalDescription:6 zv. 30 cm
Published: Kotešová redOSTA 1998-2004
ISBN:8096760556 (brož. : r. 1998/1999)
8096760599 (brož. : r. 1999/2000)
8096810588 (brož. : r. 2000/2001)
8089059074 (brož. : r. 2002/2003)
8089059104 (brož. : r. 2003/2004)
Subjects:

MARC

LEADER 00000cas a2200000 a 4500
001 vtls001357240
003 SK-MaSNL
005 20260425193953.0
008 230913d19982004xo ar 0 0 0slo
015 |a SNBF1999/03-01511 (r. 1998/1999)  |a SNBF2000/04-01884 (r. 1999/2000)  |a SNBE2001/04-02427 (r. 2000/2001) 
020 |a 8096760556 (brož. : r. 1998/1999) 
020 |a 8096760599 (brož. : r. 1999/2000) 
020 |a 8096810588 (brož. : r. 2000/2001) 
020 |a 8089059074 (brož. : r. 2002/2003) 
020 |a 8089059104 (brož. : r. 2003/2004) 
035 |a SNK000310733 
040 |a SNK  |b slo  |c SNK  |e AACR2 
041 0 |a slo  |a eng 
043 |a e-xo--- 
044 |a xo  |c SK 
072 7 |a 620.9  |x Energetika  |2 konspekt 
072 7 |a 69  |x Stavebníctvo  |2 konspekt 
080 |a 620.9  |2 2011 
080 |a (437.6)  |2 2011 
080 |a (058)  |2 2011 
080 |a (058.7)  |2 2011 
080 |a 69  |2 2011 
080 |a (036)  |2 2011 
245 0 0 |a Energia almanach ...  |b ročenka slovenskej energetiky 
246 1 3 |a Energia a stavebníctvo almanach ...  |f 2002/2003-2003/2004 
260 |a Kotešová  |b redOSTA  |c 1998-2004 
300 |a 6 zv.  |c 30 cm 
310 |a 1x ročne 
362 0 |a 1998/1999-2003/2004 
500 |a Text čiast. angl. 
500 |a Súčasťou názvu je označenie bežného roku 
500 |a Názov z obalu 
500 |a Editor: 2002/2003-2003/2004, Ján Medvedík 
500 |a Podnázov: 2002/2003-2003/2004, ročenka slovenskej energetiky a stavebníctva 
504 |a Registre 
650 0 7 |a energetika  |2 SNKPH  |9 3680 
650 0 7 |a stavebníctvo  |2 SNKPH  |9 726 
650 0 7 |a Energetics  |2 SNKPHeng  |9 265211 
650 0 7 |a Construction industry  |2 SNKPHeng  |9 265212 
651 7 |a Slovensko  |2 SNKPHgeo  |9 14231 
651 7 |a Slovakia  |2 SNKPHeng  |9 92630 
655 7 |a ročenky  |2 SNKPH  |9 57146 
655 7 |a Yearbooks  |2 SNKPHeng  |9 120938 
655 7 |a adresáre  |2 SNKPH  |9 70415 
655 7 |a informačné publikácie  |2 SNKPH  |9 70181 
655 7 |a Directories  |2 SNKPHeng  |9 265213 
655 7 |a Information publications  |2 SNKPHeng  |9 265188 
700 1 |a Medvedík, Ján  |4 edt  |9 265214 
910 |a snk 
919 |a 80-967605-5-6 
919 |a 80-967605-9-9 
919 |a 80-968105-8-8 
919 |a 80-89059-07-4 
919 |a 80-89059-10-4 
999 |c 313  |d 313 
952 |a SNK  |b SNK  |y PREZ  |7 0  |p 17A0228380  |o snkČSB 4824/1999-2000  |i snkKSP 1865/2000  |0 0  |1 0  |4 0  |d 2000-02-11  |l 0  |r 2005-01-02 00:00:00  |w 2026-02-21 
952 |a SNK  |b SNK  |y PREZ  |7 0  |p 17A0228381  |o snkČSB 4824/1999-2000 D1  |i snkKSP 1866/2000  |0 0  |1 0  |4 0  |d 2000-02-11  |l 0  |r 2005-01-02 00:00:00  |w 2026-02-21 
952 |a SNK  |b SNK  |y NEVYP  |7 0  |o snkB 128  |i snk503/20010516  |0 0  |1 0  |4 0  |d 2001-05-14  |l 0  |r 2005-01-02 00:00:00  |w 2026-02-21 
952 |a SNK  |b SNK  |y PREZ  |7 0  |p 17A0401668  |o snkČSB 4824/5/2002-2003  |i snk2011/20662  |8 1  |0 0  |1 0  |4 0  |d 2023-09-13  |l 0  |r 2026-02-21 19:48:19  |w 2026-02-21 
952 |a SNK  |b SNK  |y PREZ  |7 0  |p 17A1520897  |o snkČSB 4824/6/2003-2004  |i snk2011/20665  |8 1  |0 0  |1 0  |4 0  |d 2023-09-13  |l 0  |r 2026-02-21 19:48:19  |w 2026-02-21 
952 |a SNK  |b SNK  |y PREZ  |7 0  |p 17A0310205  |o snkČSB 4824/2000-2001  |i snkKSP 9240/2001  |0 0  |1 0  |4 0  |d 2001-08-03  |l 0  |r 2005-01-02 00:00:00  |w 2026-02-21 
952 |a SNK  |b SNK  |y PREZ  |7 0  |p 17A0310206  |o snkČSB 4824/2000-2001 D1  |i snkKSP 9241/2001  |0 0  |1 0  |4 0  |d 2001-08-03  |l 0  |r 2005-01-02 00:00:00  |w 2026-02-21 
952 |a SNK  |b SNK  |y PREZ  |7 0  |p 17A0231979  |o snkČSB 4824/1998-1999  |i snkKSP 2677/99  |0 0  |1 0  |4 0  |d 1999-03-11  |l 0  |r 2005-01-02 00:00:00  |w 2026-02-21 
952 |a SNK  |b SNK  |y PREZ  |7 0  |p 17A0183862  |o snkČSB 4824/1998-1999 D1  |i snkKSP 2678/99  |0 0  |1 0  |4 0  |d 1999-03-11  |l 0  |r 2005-01-02 00:00:00  |w 2026-02-21 
952 |a SNK  |b SNK  |y NEVYP  |7 0  |o snkB 268  |i snk994/990812  |0 0  |1 0  |4 0  |d 1999-08-09  |l 0  |r 2005-01-02 00:00:00  |w 2026-02-21